|
|
|
|
| LEADER |
00000nab a2200000 a 4500 |
| 001 |
vtls000442679 |
| 003 |
SK-MaSNL |
| 005 |
20260304025950.0 |
| 008 |
250310c1991 xo 0 slo |
| 015 |
|
|
|a SNBRB19rr/mm-uuuuu
|
| 035 |
|
|
|a CL0442809
|
| 035 |
|
|
|a urn:nbn:sk:snk-abamjk
|
| 035 |
|
|
|a (urnnbn)urn:nbn:sk:snk:ar-a09ywl
|
| 035 |
|
|
|a (uuid)9ba156d7-c62d-4d7c-93f7-b31ba4bc6923
|
| 040 |
|
|
|a SNKBUCL
|b slo
|c SNKBUCL
|e AACR2
|
| 041 |
0 |
|
|a slo
|
| 044 |
|
|
|a xo
|c SK
|
| 080 |
|
|
|a 661.71.097
|2 1981
|
| 080 |
|
|
|a 66.097
|2 1981
|
| 100 |
1 |
|
|a Prandová, K.
|4 aut
|9 1170643
|
| 245 |
1 |
0 |
|a Metatéza alkénov v prítomnosti katalyzátorov na báze heteropolykyselín Kegginovho typu
|b 1. Metatéza propénu na H3PW12040Si02 a W03/Si02 katalyzátore
|c K. Prandová, J. Novanský, P. Hudec ; Katarína Prandová, Jozef Novanský, Pavol Hudec
|
| 300 |
|
|
|b Tb. 2. Grafy 11. Sch. 2., lit. 23 zázn. v rôz. jaz.
|
| 650 |
0 |
7 |
|a alkény
|2 snkbucl
|9 24900
|
| 650 |
0 |
7 |
|a metatéza
|2 snkbucl
|9 1189372
|
| 650 |
0 |
7 |
|a katalyzátory
|2 snkbucl
|9 23530
|
| 650 |
0 |
7 |
|a heteropolykyseliny
|2 snkbucl
|9 1307957
|
| 655 |
|
7 |
|a články z novín a časopisov
|2 snkbucl
|9 267496
|
| 700 |
1 |
|
|a Novanský, Jozef,
|d 1930-1991
|4 aut
|9 42442
|
| 700 |
1 |
|
|a Hudec, P.
|4 aut
|9 928469
|
| 700 |
1 |
|
|a Prandová, Katarína
|4 aut
|9 735138
|
| 700 |
1 |
|
|a Hudec, Pavol
|4 aut
|9 279368
|
| 773 |
0 |
|
|t Ropa a uhlie
|g Roč. 33, č. 4 (1991), s. 206-219
|
| 850 |
|
|
|a Slovenská národná knižnica v Martine
|a MTA001
|
| 852 |
|
|
|a SNK
|b KIS3GCP
|
| 958 |
|
|
|a OND
|
| 958 |
|
|
|a NB
|
| 958 |
|
|
|a RK
|
| 958 |
|
|
|a EUIPO
|
| 958 |
|
|
|a article14
|
| 992 |
|
|
|a RBX
|
| 999 |
|
|
|c 2630921
|d 2632851
|